| 000 | 00732nam a2200265 a 4500 | ||
|---|---|---|---|
| 001 | 36392 | ||
| 003 | AR-BaAGN | ||
| 005 | 20231116145348.0 | ||
| 007 | ta | ||
| 008 | 220625s1972 ag |||||r|||| ||||||spa d | ||
| 040 |
_dAR-BaAGN _aAR-BaAGN _bspa _eaacr |
||
| 100 | 1 | _aNápoli, Rodolfo A. | |
| 245 | 1 | 0 |
_aDesarrollo, integración y derecho del trabajo : _bestudio esquemático para América Latina |
| 250 | _a1ª ed. | ||
| 260 |
_aBuenos Aires : _bAstrea, _c1972. |
||
| 300 | _a315 páginas | ||
| 336 |
_2rdacontent _btxt |
||
| 337 |
_2rdamedia _bn |
||
| 338 |
_2rdacarrier _bnc |
||
| 650 | 4 |
_aPOLÍTICA ECONÓMICA _91419 |
|
| 651 | 4 |
_aAmérica Latina _93630 |
|
| 651 | 4 |
_aArgentina _93645 |
|
| 942 | _cLIBRO | ||
| 999 |
_c36392 _d36392 |
||